Everybody Lyrics - Backstreet Boys - Statistics

General Stats
  • This quiz has been taken 672 times
  • The average score is 123 of 153
Answer Stats
Answer % Correct
Everybody
99%
everybody
99%
you
98%
You
98%
your
97%
back
96%
body
96%
Rock
95%
rock
95%
(woo)
94%
yeah
93%
(yeah)
93%
(yeah, yeah)
93%
I
92%
alright
90%
(alright)
90%
the
89%
Backstreet's
88%
right
86%
Am
85%
on
85%
one?
82%
now
81%
Now
81%
only
81%
sexual?
79%
Oh
78%
again
77%
we're
77%
my
76%
original?
73%
Better
72%
better
72%
God
72%
need?
72%
everything
71%
in
71%
don't
64%
got
64%
up
63%
air
62%
hands
61%
sisters,
61%
Brothers,
60%
like
60%
show
60%
care
59%
how
59%
just
59%
Gonna
56%
sing
56%
for
54%
And
53%
me
53%
throw
53%
answer
52%
around
52%
them
51%
wave
50%
bring
49%
Gotta
49%
it
49%
question
48%
let
46%
hear
44%
If
43%
wanna
42%
goin'
40%
ya
40%
'Cause
37%
party
37%
we've
32%
yell
32%
flavour
27%
No matching quizzes found
Score Distribution
Percent of People with Each Score
Percentile by Number Answered
Your Score History
You have not taken this quiz